Golf : (Record no. 949)

MARC details
000 -LEADER
fixed length control field 01314cam a2200361 i 4500
005 - DATE AND TIME OF LATEST TRANSACTION
control field 20260322212040.0
008 - FIXED-LENGTH DATA ELEMENTS--GENERAL INFORMATION
fixed length control field data
010 ## - LIBRARY OF CONGRESS CONTROL NUMBER
LC control number 2014466006
020 ## - INTERNATIONAL STANDARD BOOK NUMBER
International Standard Book Number 9781465424440
020 ## - INTERNATIONAL STANDARD BOOK NUMBER
International Standard Book Number 146542444X
040 ## - CATALOGING SOURCE
Original cataloging agency PNX
Language of cataloging eng
Transcribing agency PNX
Description conventions rda
Modifying agency DLC
-- OCLCO
-- OCLCQ
-- OCLCO
-- FOLLT
-- DLC
042 ## - AUTHENTICATION CODE
Authentication code lccopycat
050 00 - LIBRARY OF CONGRESS CALL NUMBER
Classification number GV965
Item number .G52 20104
082 04 - DEWEY DECIMAL CLASSIFICATION NUMBER
Classification number 796.352
Edition information 23
092 ## - LOCALLY ASSIGNED DEWEY CALL NUMBER (OCLC)
Classification number 796.35 Fox 20104
001 - CONTROL NUMBER
control field data
245 00 - TITLE STATEMENT
Title Golf :
Remainder of title the ultimate guide /
Statement of responsibility, etc. edited by Satu Fox & Nick Edmund.
250 ## - EDITION STATEMENT
Edition statement First American edition, 2014.
264 #1 - PRODUCTION, PUBLICATION, DISTRIBUTION, MANUFACTURE, AND COPYRIGHT NOTICE
Place of production, publication, distribution, manufacture London :
Name of producer, publisher, distributor, manufacturer DK ,
Date of production, publication, distribution, manufacture, or copyright notice 2014.
300 ## - PHYSICAL DESCRIPTION
Extent 352 pages :
Other physical details illustrations (some color), color maps ;
Dimensions 25 cm
336 ## - CONTENT TYPE
Content type term text
Content type code txt
Source rdacontent
337 ## - MEDIA TYPE
Media type term unmediated
Media type code n
Source rdamedia
338 ## - CARRIER TYPE
Carrier type term volume
Carrier type code nc
Source rdacarrier
500 ## - GENERAL NOTE
General note "Content previously covered in Eyewitness companions: Golf"--Title page verso.
500 ## - GENERAL NOTE
General note Includes index.
650 #0 - SUBJECT ADDED ENTRY--TOPICAL TERM
Topical term or geographic name entry element Golf.
700 1# - ADDED ENTRY--PERSONAL NAME
Personal name Fox, Satu,
Relator term editor.
700 1# - ADDED ENTRY--PERSONAL NAME
Personal name Edmund, Nick.
Title of a work Golf.
Relationship information Selections from:
856 42 - ELECTRONIC LOCATION AND ACCESS
Materials specified Publisher description
Uniform Resource Identifier <a href="http://www.loc.gov/catdir/enhancements/fy1501/2014466006-d.html">http://www.loc.gov/catdir/enhancements/fy1501/2014466006-d.html</a>
906 ## - LOCAL DATA ELEMENT F, LDF (RLIN)
a 7
b cbc
c copycat
d 2
e ncip
f 20
g y-gencatlg
925 0# -
-- acquire
-- 1 shelf copies
-- policy default
Holdings
Withdrawn status Lost status Damaged status Not for loan Home library Current library Shelving location Date acquired Total checkouts Full call number Barcode Date last seen Price effective from Koha item type
        Centerville Centerville General stacks 22/03/2026   796.352 23 BC0010981 22/03/2026 22/03/2026 Books